02211nam a22003494a 4500001001200000003000800012006001900020007001500039008004100054010001700095015001900112016001800131020003500149020001800184040002100202035002100223050002500244082001200269100001900281245006900300260004300369300002400412490001900436504006800455520097100523533015201494650002301646655002901669710001701698830002001715856012601735ebr10173635CaPaEBRm u cr cn|||||||||050831s2006 maua sb 001 0 eng  z 2005054457 aGBA6209152bnb7 z0133971592Uk z0262541874 (pbk. : alk. paper) z9780262541879 aCaPaEBRcCaPaEBR a(OCoLC)19195289214aB105.V64bD65 2006eb04a1282221 aDolar, Mladen.12aA voice and nothing moreh[electronic resource] /cMladen Dolar. aCambridge, Mass. :bMIT Press,cc2006. a213, [1] p. :bill.1 aShort circuits aIncludes bibliographical references (p. [189]-[214]) and index. aThe voice was not a major philosophical topic until the 1960s, when Derrida and Lacan separately proposed it as a central theoretical concern. Here, Dolar goes beyond Derrida's idea of "phonocentrism" and revives and develops Lacan's claim that the voice is one of the paramount embodiments of the psychoanalytic object. He proposes that, apart from the uses of the voice as a vehicle of meaning and as a source of aesthetic admiration, there is a third level of understanding: the voice as an object that can be seen as the lever of thought. He investigates the object voice on a number of different levels--linguistics, metaphysics, ethics (the voice of conscience), the paradoxical relation between the voice and the body, the politics of the voice--and finally scrutinizes the uses of the voice in Freud and Kafka. With this foundational work, Dolar gives us a philosophically grounded theory of the voice as a Lacanian object-cause.--From publisher description. aElectronic reproduction.bPalo Alto, Calif. :cebrary,d2013.nAvailable via World Wide Web.nAccess may be limited to ebrary affiliated libraries. 0aVoice (Philosophy) 7aElectronic books.2local2 aebrary, Inc. 0aShort circuits.40uhttp://site.ebrary.com/lib/rucke/Doc?id=10173635zAn electronic book accessible through the World Wide Web; click to view